000 00734nam a2200205Ii 4500
003 JO-AjNU
008 230605s9999||||xx |||||||||||||| ||und||
017 _a2015/7/3183
040 _aJO-AjNU
_bara
_erda
_cJO-AjNU
041 _aara
050 1 4 _aPJ7808 2015
100 3 _aالمدني، صلاح,
_eauthor
_961116
245 0 0 _aليلة غادرني قلبي
264 3 1 _aعمان: وزارة الثقافه، 2015
300 _a168ص
_bيحتوي على صور توضيحية / مكتبة الاسرة القراءه للجميع2015/ عمان: وزارة الثقافة
336 _atext
_btxt
_2rdacontent
337 _aunmediated
_bn
_2rdamedia
338 _avolume
_bnc
_2rdacarrier
650 4 _aقصص عربيه
_961117
999 _aA27605
_c31173
_d31173